00951nam a2200241 i 4500001000300000245010200003246005100105260005500156300006800211500005200279504003600331650002400367650002800391655001800419700002600437700003100463020001500494040000800509041001300517080004000530008004100570856009800611bg00aWprowadzenie do grafiki komputerowej /cJ[ames] D. Foley [et al.] ; z ang. przeł. Jan Zabrodzki. iTyt. oryg.:aIntroduction to computer graphics aWarszawa :bWydawnictwa Naukowo-Techniczne,c1995. a672, [2] s., [20] s. tabl. fot. kolor. :brys., wykr. ;c24 cm. aOryg. "Introduction to computer graphics" 1994. aBibliogr. s. 651-667. - Indeks. 9aGrafika komputerowa 9aPrzetwarzanie obrazów aPodręczniki1 aZABRODZKI, Jan.eTł.1 aFOLEY, James D.d(1942- ). a8320418402 cBPK1 apolheng a681.322.02:681.327:741/742:514](07) s pl f |000 0 pol  uhttp://koha.tu.koszalin.pl/cgi-bin/koha/opac-detail.pl?biblionumber=24594yKatalog online BPK